Habla y canta Víctor Jara

Na minha lista:
Detalhes bibliográficos
Autor principal: Pérez, María del Carmen (Author)
Formato: Livro
Idioma:espanhol
Publicado em: Santiago Ventana Abierta 2015
Edição:2a. ed
Colecção:Colección Nuestros Países. Serie Música
Assuntos:
Tags: Adicionar Tag
Sem tags, seja o primeiro a adicionar uma tag!

MARC

LEADER 00000cam a2200000 a 4500
001 UCD7611
003 CL-VaPUC
008 170331e20150000cl |||||||||||||||||spa|d
020 |a 9789568815318 
082 0 4 |a 781.6383  |b PER  |2 21 
100 0 |a Pérez, María del Carmen  |e author  |9 591617 
245 1 0 |a Habla y canta Víctor Jara 
250 |a 2a. ed 
300 |a 89 p 
942 |c BK 
945 |d 20170331 00:58:00  |a dcastane 
260 |a Santiago  |b Ventana Abierta  |c 2015 
650 0 |a Compositores chilenos  |9 306644 
650 0 |a Biografías  |9 255210 
650 0 |a Músicos chilenos  |9 306645 
650 7 |a CANCION POPULAR  |2 CL-VaPUC  |9 306607 
583 |a last modification  |c 20170331 00:58:00  |k Rodrigo Vera 
490 0 |a Colección Nuestros Países. Serie Música 
999 |c 367587  |d 367585 
952 |0 0  |1 0  |3 erb  |4 0  |6 781_638300000000000_PER_2015  |7 0  |8 R  |9 482567  |a BIBEDU  |b BIBEDU  |i 536132K  |o 781.6383 PER 2015  |p 536132K  |r 2023-01-12  |w 2019-11-24  |y BK_R  |z Catalogado en:20170331  |k MUS